| 000 | 00794nam a22002297a 4500 | ||
|---|---|---|---|
| 082 |
_a624.17 STR _bD.H.Young _cL-25, P-56 |
||
| 100 |
_aD.H.Young _950880 |
||
| 245 |
_aTheory of Structures _bD.H.Young _cD.H.Young |
||
| 250 | _aInternational Student | ||
| 260 |
_aTokyo _bMcgraw Hill Kogakusha, LTD _c1965 |
||
| 300 |
_aP.629, _bill, _c20 cm. |
||
| 520 | _aMCE | ||
| 526 |
_a0 _b0 _c0 _d624_170000000000000_STR_D_H_YO |
||
| 526 |
_a0 _b0 _c0 _d624_170000000000000_STR_D_H_YO |
||
| 526 |
_a0 _b0 _c0 _d624_170000000000000_STR_D_H_YO |
||
| 526 |
_a0 _b0 _c0 _d624_170000000000000_STR_D_H_YO |
||
| 526 |
_a0 _b0 _c0 _d624_170000000000000_STR_D_H_YO |
||
| 526 |
_a0 _b0 _c0 _d624_170000000000000_STR_D_H_YO |
||
| 526 |
_a0 _b0 _c0 _d624_170000000000000_STR_D_H_YO |
||
| 650 |
_aMCE _9379 |
||
| 942 |
_2ddc _cBKB |
||
| 999 |
_c553611 _d553611 |
||